| 000 | 01112cam a22003617a 4500 | ||
|---|---|---|---|
| 003 | CHAP | ||
| 005 | 20220817043716.0 | ||
| 008 | 000927d1999 it a rn 00110 eng d | ||
| 010 | _a82375 | ||
| 011 | _a83347 | ||
| 020 | _a1 85339 467 X | ||
| 035 | _a93859 | ||
| 040 | _cCHAP | ||
| 082 | 0 | 4 |
_a634.61 _bF33 |
| 110 | 2 | _aFAO | |
| 245 | 1 | 0 |
_aModern coconut management : _bpalm cultivation and products _c/ed. by Johan G. Ohler |
| 260 |
_aRome : _bFAO, _c1999. |
||
| 300 |
_a458 p. : _bilus. |
||
| 590 |
_aBATCH-UPD _b10 _c20130110 _lUCH01 _h1058 |
||
| 590 |
_aBATCH-UPD _b10 _c20130410 _lUCH01 _h0652 |
||
| 590 |
_aBATCH-UPD _b10 _c20130914 _lUCH01 _h0955 |
||
| 590 |
_aCONVERSION _b10 _c20130109 _lUCH01 _h1346 |
||
| 650 | 1 | 4 |
_aCoco. _924234 |
| 650 | 1 | 4 |
_aCoco _xEnfermedades. _924241 |
| 650 | 1 | 4 |
_aCoco _xIndustria. _924251 |
| 650 | 1 | 4 |
_aCoco _xInvestigación. _924254 |
| 650 | 1 | 4 |
_aCoco _xPropagación. _924263 |
| 700 | 0 |
_aOhler, Johan G. _eed. _982872 |
|
| 901 | _aBK | ||
| 905 | _aPatricia Mendoza P. | ||
| 942 | _cLIBRO | ||
| 949 |
_a634.61 F33 _bBC _cFAO _d33724000792214 _eFAO1 _g207309 _h98690 _i93859 _sb _t$764.40 |
||
| 999 |
_c82375 _d82375 |
||